SAHITHYA QUIZ (Record no. 1064)
[ view plain ]
| 000 -LEADER | |
|---|---|
| fixed length control field | 00279nam a22001217a 4500 |
| 082 ## - DEWEY DECIMAL CLASSIFICATION NUMBER | |
| Classification number | 894.812 |
| Item number | ROS/S |
| 100 ## - MAIN ENTRY--AUTHOR NAME | |
| Personal name | ROSE.C.R |
| 245 ## - TITLE STATEMENT | |
| Title | SAHITHYA QUIZ |
| 260 ## - PUBLICATION, DISTRIBUTION, ETC. (IMPRINT) | |
| Place of publication | THIRUVANANTHAPURAM |
| Name of publisher | PRABHATHAM PRINTING & PUBLISHING CO |
| 300 ## - PHYSICAL DESCRIPTION | |
| Number of Pages | 122 |
| 650 ## - SUBJECT ADDED ENTRY--TOPICAL TERM | |
| Topical Term | QUIZ |
| Geographic subdivision | KERALA |
| 942 ## - ADDED ENTRY ELEMENTS (KOHA) | |
| Koha item type | Books |
| Withdrawn status | Lost status | Collection code | Home library | Current library | Shelving location | Date acquired | Source of acquisition | Cost, normal purchase price | Full call number | Accession Number | Koha item type |
|---|---|---|---|---|---|---|---|---|---|---|---|
| Reference | Main Library | Main Library | SHELF -6A - MALAYALAM GRAMMAR,ESSAYS,GENERAL | 25/11/2005 | purchase | 15.00 | 894.812 ROS/S | 00987 | Books | ||
| Non-fiction | Main Library | Main Library | SHELF 6 B MALAYALAM QUIZ,RIDDLES,HUMOUR,PAZHAMCHOLLUKAL | 05/10/2015 | Purchase | 140.00 | 894.812 ROS/S | 03726 | Books |